| 000 | 01446nam0a2200313 i 4500 | ||
|---|---|---|---|
| 001 | RU\NLR\BIBL_A\010673439 | ||
| 005 | 20260407163320.0 | ||
| 010 |
_a9785901709450 _91000 |
||
| 021 |
_aRU _b2014-94586 _95751 |
||
| 035 | _a(NILC)RuMoRGB-007841208 | ||
| 035 | _a(NLR Aleph) 010673439 | ||
| 090 |
_a9616244 _c9616244 |
||
| 100 | _a20150216d2014 km y0rusy50 ca | ||
| 101 | 0 | _arus | |
| 102 | _aRU | ||
| 105 | _aa|||z||||01yy | ||
| 200 | 1 |
_aПроблемы и перспективы развития торговой деятельности в современном мире _eколлективная монография _e[сборник статей] _fАвтоном. некоммерч. образоват. орг. высш. образования Центросоюза Рос. Федерации "Рос. ун-т кооперации", Казан. кооп. ин-т |
|
| 210 |
_aКазань _cКазанский кооперативный институт _aМосква _cЦетросоюз _d2014 |
||
| 215 |
_a123 с. _cил. _d21 |
||
| 320 | _aБиблиогр. в конце ст. | ||
| 606 | 1 |
_aТорговля _9906647 _3RU\NLR\AUTH\6610658 |
|
| 686 | 1 | _aУ42(2)1 | |
| 712 | 0 | 2 |
_4570 _aКазанский кооперативный институт _3RU\NLR\AUTH\8810102057 _9704860 |
| 801 | 0 |
_aRU _bРГБ _c20141219 _gRCR |
|
| 942 | _cBOOK | ||
| 980 | _aNBR | ||